| 000 | | | 03968nmc2a22002653x 450 |
| 001 | | | 159b6754-5970-423f-85f4-9e152c582de8 |
| 005 | | | 20190304170614.0 |
| 100 | ## | $a | 20190110l 1919k y0rusy50 ca |
| 101 | 0# | $a | rus |
| 102 | ## | $a | RU |
| 105 | ## | $a | a z |||e| |
| 200 | 1# | $a | Переписка по вопросу постройки бараков для беженцев |
| | $j | 16 сентября 1919 - 16 октября 1919 |
| 215 | ## | $a | 72 листа |
| | $c | ил. |
| 251 | ## | $c | Дело |
| 300 | ## | $a | Заголовок дела на папке: О строительстве бараков для беженцев |
| 300 | ## | $a | На папке дела: 13 сентября 1919 г. - 16 октября 1919 г. |
| 300 | ## | $a | Листы: 25 - схемы; 1-5, 24, 25, 31, 42-43, 48-49, 52, 55-60, 61-65, 68-72 - поврежденные |
| 300 | ## | $a | Машинописный и рукописный текст |
| 461 | #0 | $1 | 0010f0e3429-2e37-4fb4-ace0-6332d350a692 |
| | $1 | 2001 |
| | $a | Министерство внутренних дел Российского правительства. Омск |
| | $1 | 251 |
| | $c | Фонд |
| | $1 | 852 |
| | $j | 1700 |
| | $g | Р |
| 462 | #0 | $1 | 001fc526e9e-3b76-4f4f-9aa4-d2ea0e927c42 |
| | $1 | 2001 |
| | $a | Департамент Государственного призрения. 1918-1920 гг. |
| | $v | Д. 20 |
| | $1 | 251 |
| | $c | Опись |
| | $1 | 852 |
| | $j | 6 |
| 517 | 1# | $a | О строительстве бараков для беженцев |
| 601 | 02 | $3 | RU\NLR\AUTH\8810247804 |
| | $a | Временное Сибирское правительство |
| | $b | Министерство внутренних дел |
| 801 | #0 | $a | RU |
| | $b | GA_RF |
| 801 | #1 | $a | RU |
| | $b | ГлавНИВЦ |
| | $c | 20190110 |
| | $2 | rusmarc |
| 801 | #2 | $a | RU |
| | $b | ПБ им. Б.Н. Ельцина |
| | $c | 20190304 |
| | $g | RCR |
| | $2 | rusmarc |
| 852 | ## | $a | ГА РФ |
| | $j | 20 |
| 937 | ## | $d | 126646027 |
| | $h | ПБ |
| 035 | ## | $a | RuPRLIB51055205 |
| 856 | ## | $u | http://readingroom.main.prlib.ru/item.aspx?id_node=n126646027&mode=full |